| 000 | 00755nam a2200229 a 4500 | ||
|---|---|---|---|
| 999 |
_c6390 _d6390 |
||
| 001 | 6390 | ||
| 003 | BD-JhCC | ||
| 005 | 20180122174822.0 | ||
| 008 | 180122s19971999bg |||| |||| 000 0 ben d | ||
| 020 | _a9843002296 | ||
| 035 | _a(BD-JhCC)6390 | ||
| 040 |
_aBD-JhCC _dBD-JhCC |
||
| 041 | _aben | ||
| 082 |
_a954 _bKAD 1999 |
||
| 100 | _aকাদির, মুহাম্মদ নূরুল | ||
| 245 |
_aদুশো ছেষট্টি দিনে স্বাধীনতা / _cমুহাম্মদ নূরুল কাদির, |
||
| 260 |
_aঢাকা : _bমুক্ত পাবলিশার্স, _c1999 |
||
| 300 |
_a688 p. : _c29 cm. |
||
| 650 |
_aLeberation War 1971 _zBangladesh |
||
| 942 |
_2ddc _cBK |
||